it's time to go - Taylor Swift (All Lyrics) - Statistics

General Stats
  • This quiz has been taken 151 times
  • The average score is 322 of 375
Answer Stats
Lyrics % Correct
I
100%
time
100%
You
100%
you
100%
go
99%
it
99%
to
99%
When
99%
when
99%
a
98%
in
98%
In
98%
is
98%
it's
98%
know
98%
know,
98%
the
98%
The
98%
and
95%
And
95%
And,
95%
that
95%
That
95%
your
95%
he
94%
from
93%
So
93%
for
92%
then
92%
Then
92%
at
90%
not
90%
was
90%
who
90%
cold
89%
gets
89%
Gets
89%
old
89%
she
89%
soul
89%
dinner
88%
like
88%
on
88%
of
87%
familiar
86%
me
84%
ache
83%
all,
83%
all
83%
ask
83%
break
83%
he's
83%
He's
83%
Look
83%
thing
83%
Will
83%
will
83%
back
82%
body
82%
But
82%
each
82%
little
82%
one
82%
other
82%
what
82%
yours
82%
friends
81%
same
81%
Sometimes,
81%
up
81%
boss
80%
come
80%
job,
80%
just
80%
years
80%
years,
80%
fact
78%
givin'
78%
got
78%
my
78%
right
78%
brave
77%
son
77%
spot
77%
tab
77%
why
77%
chatter
76%
dreams
76%
sister
76%
strong
76%
twin
76%
whispers
76%
I've
75%
out
75%
run
75%
words
75%
insisting
73%
nothin'
73%
left
72%
snaps
72%
find
71%
gave
71%
million
71%
prove
71%
seemed,
71%
tears
71%
moment
70%
wondered
70%
again,
69%
caught
69%
their
69%
past
67%
walkin'
67%
breaks
66%
crook
66%
Fifteen
66%
fifteen
66%
his
66%
how
66%
only
66%
Twenty
66%
behind
65%
frozen
65%
glass
65%
hearts
65%
kids,
65%
'til
65%
bones
64%
knees
64%
Now
64%
palace
64%
She's
64%
Begging
63%
Or
63%
sits
63%
throne
63%
worse
63%
bled
61%
keeping
60%
stay
59%
trying
58%
greed
55%
Praying
51%
well,
27%
No matching quizzes found
Score Distribution
Percent of People with Each Score
Percentile by Number Answered
Your Score History
You have not taken this quiz